000 00909nam a2200241Ia 4500
003 OSt
005 20220923212116.0
006 a|||||r|||| 00| 0
007 ta
008 220922b |||||||| |||| 00| 0 hin d
024 _a150,762
037 _cTextual
040 _aARTS
_cARTS
_bhin
041 _2hin
_ahin
082 _aO152, 152K3
100 _aटामसन, जे आर्थर; भार्गव, कामेश्वर सहाय, अनु.
_9162130
245 0 _aदैनिक जीवन में जीव विज्ञान
246 _aDainik jīvan mean jīv vijnyāna
260 _c1963
490 _aहिन्दी समिति ग्रन्थमाला, 72
942 _hO152, 152K3
_cTEXL
_2CC
999 _c306442
_d306442